000 00658nam a2200217Ia 4500
003 OSt
005 20221007070225.0
006 a|||||r|||| 00| 0
007 ta
008 221006b |||||||| |||| 00| 0 eng d
024 _a25,726
037 _cTextual
040 _aFLL
_cFLL
_beng
041 _2eng
_aeng
082 _aZ2673p594,N73, L3
245 0 _aVienna agreement establishing an international classification of the figurative elements of marks
260 _aGeneva
_bWorld Intellectual Property Organization Geneva
_c1973
300 _a1-20p
_ccm.
942 _hZ2673p594,N73, L3
_cTEXL
_2CC
999 _c1139867
_d1139867